| 000 | 00547cam a2200157K 4500 | ||
|---|---|---|---|
| 082 | 0 | 4 |
_a636.295 _bLEO |
| 100 | 1 |
_aLeonard, Arthur Glyn. _949898 |
|
| 245 | 1 | 4 |
_aThe camel, its uses and management _cby Major Arthur Glyn Leonard ... |
| 260 |
_aLondon, _aNew York, _bLongmans, Green, and Co., _c1894. |
||
| 300 | _a1 online resource (vii p., 1 l., 335 p.) | ||
| 526 |
_a0 _b0 _c0 _d636_295000000000000_LEO |
||
| 650 | 0 |
_aCamels. _949899 |
|
| 650 | 0 |
_aMCE _9379 |
|
| 856 | 4 | 0 | _uhttp://catalog.hathitrust.org/api/volumes/oclc/5231477.html |
| 942 |
_2ddc _cBK |
||
| 999 |
_c552642 _d552642 |
||